Surnoms des Rois de France - Statistiques

Statistiques générales
  • Ce quiz a été pris 98 fois
  • Le résultat moyen est 14 sur 29
Statistiques - réponses
Roi Réponse % Correct
Louis XIV Le Roi Soleil
86%
Philippe IV Le Bel
85%
Charles IV Le Bel
85%
Louis VI Le Gros
78%
Louis IX Le Saint
78%
Jean II Le Bon
76%
Robert II Le Pieux
70%
Henri IV Le Grand
64%
Charles VI Le Fou
62%
Hugues Ier Capet
61%
Louis XV Le Bien Aimé
58%
Jean Ier Le Posthume
57%
Philippe III Le Hardi
55%
Louis X Le Hutin
55%
Philippe II Auguste
53%
Charle V Le Sage
53%
Philippe V Le Long
51%
Louis VIII Le Lion
43%
Louis VII Le Jeune
41%
Louis XIII Le Juste
41%
Charles VII Le Victorieux
41%
Louis XII Le Père du Peuple
31%
Charles VIII L’Affable
20%
Louis Philippe Ier Le Roi Citoyen
18%
Philippe Ier L’Amoureux
5%
Louis XVIII Le Désiré
5%
Philippe VI Le Fortuné
5%
Louis XI L’Araignée Universelle
1%
Francois Ier Le Protecteur des Lettres
0%
Aucun quiz correspondant
Distribution des résultats
% des personnes avec chaque résultat
Percentile par nombre de réponses
Votre historique - résultats
Vous n’avez pas pris ce quiz